Famoso jugador de fútbol - imágenes #2 - Estadísticas

Estadísticas generales
  • Esta prueba ha sido intentada 1.495 veces
  • La puntuación promedio es 18 de 21
Estadísticas de respuestas
Imagen Respuesta % Correcto
Lionel Messi
100%
Neymar
100%
Christiano Ronaldo
98%
Luka Modrić
98%
Sergio Ramos
97%
Luis Suarez
95%
Mohamed Salah
95%
Antoine Griezmann
94%
Marcelo
94%
Paul Pogba
93%
Eden Hazard
92%
James Rodriguez
92%
Harry Kane
90%
Manuel Neuer
89%
Kevin de Bruyne
87%
Romelu Lukaku
85%
Sadio Mane
80%
David Silva
78%
Keisuke Honda
44%
Medhi Benatia
26%
Victor Moses
26%
No se encontraron pruebas coincidentes
Distribución de puntuación
Porcentaje de gente con cada puntuación
Porcentaje por número respondido
Historial de tus puntuaciones
No has intentado esta prueba.